Normal view
MARC view
- المرأة- بوليفيا-المراة-تراجم-تاريخ
Entry Topical Term
001 - CONTROL NUMBER
- control field: 36652
003 - CONTROL NUMBER IDENTIFIER
- control field: JO-AjAnu
005 - DATE AND TIME OF LATEST TRANSACTION
- control field: 20230606080122.0
008 - FIXED-LENGTH DATA ELEMENTS
- fixed length control field: 230606|| aca||aabn | a|a d
040 ## - CATALOGING SOURCE
- Original cataloging agency: JO-AjAnu
- Transcribing agency: JO-AjAnu
150 ## - HEADING--TOPICAL TERM
- Topical term or geographic name entry element: المرأة- بوليفيا-المراة-تراجم-تاريخ
670 ## - SOURCE DATA FOUND
- Source citation: Work cat.: (JO-AjAnu)18814: شنغارا، دوميتيلا باريوس؛ ترجمة فلو، سمية, author 36651, دعوني أتكلم: شهادة إمراة من المناجم البوليفية